| 000 | 00503nam a2200181 a 4500 | ||
|---|---|---|---|
| 001 | 26742 | ||
| 005 | 20180713225331.0 | ||
| 008 | 140415s1986 000 0 spa d | ||
| 041 | _aspa | ||
| 082 |
_a463 _bSEC |
||
| 100 | 1 | _aSECO, MANUEL | |
| 245 | 1 | 0 | _aDICCIONARIO DE DUDAS Y DIFICULTADES DE LA LENGUA ESPAÑOLA |
| 250 | _a9a ed. | ||
| 260 |
_a[s.l.] : _bESPASA-CALPE, _c1986 |
||
| 300 | _a545 | ||
| 650 | 1 | 4 |
_aESPAOL _xDICCIONARIOS |
| 700 | 1 |
_aFERNANDEZ RAMIREZ, SALVADOR _epról. |
|
| 999 |
_c26742 _d26742 |
||